| 000 | 00698nam a2200229 i 4500 | ||
|---|---|---|---|
| 001 | bg | ||
| 245 | 0 |
_aFiziceskaja akustika. Principy i metody / _cPod red. Warren[a] P. Mason[a] ; Perev. s. angl. |
|
| 260 |
_aMoskva : _bIzdat. "Mir", _c1973. |
||
| 300 |
_as. 332, nlb. 2 : _brys., ilustr., tab. |
||
| 490 | 1 |
_aFiziceskaja akustika. ; _vT. 5 |
|
| 500 | _a[Na k. tyt. red. :] U. Mezon. | ||
| 500 | _a[Tyt. również w jęz. angl.]. | ||
| 500 | _a[Alf. ros.]. | ||
| 504 | _a[Zawiera bibliogr.]. | ||
| 700 | 1 |
_aMASON, Warren P. _eRed. |
|
| 830 | _aFiziceskaja akustika. ; | ||
| 040 | _cBPK | ||
| 041 | _apol | ||
| 080 | _a534.2 | ||
| 942 | _cKS | ||
| 008 | s pl f |000 0 pol | ||
| 999 |
_c15656 _d15656 |
||
| 856 |
_uhttp://koha.tu.koszalin.pl/cgi-bin/koha/opac-detail.pl?biblionumber=15656 _yKatalog online BPK |
||